zpět

Detail výsledku týmu

Limbo, Brno

Datum a čas kvízu

35.5 Celkem bodů Celkový počet nahraných bodů na tomto kvízu bez doplňovacích otázek.
4. Pořadí na kvízu Konečné umístění týmu na tomto kvízu.

Zaznamenané odpovědi

# Otázka Odpověď Body Výsledky
1. Jedna z cestujících vlakem Čes... houby 1
2. V Polsku se konaly parlamentní... Právo a spravedlnost 1
3. Jistá americká herečka si minu... Jennifer Anistonová 1
4. Vatikán představil minulý týde... o růženec 1
5. Italský fotbalový klub, který... Palermo 0
6. V tomto tématu budeme tak troc... Fryderyk 1
7. Zůstaneme ještě u vážné hudby.... malé v 1
8. Současná hvězda stříbrného plá... B 1
9. Jeden ze států USA nese název.... A 1
10. Zapište správně název zmrzliny... stracciatella 1